00853nam a22002657a 45000010005000000030006000050050017000110080041000280200015000690400029000840500015001130820015001281000018001432450047001612500043002082600049002513000065003004900024003655050008003895200101003975210029004985210020005276500020005476500020005678234FISKH20250904112946.0250904b cb ||||| |||| 00| 0 eng d a0517709775 aFISKHbengcFISKHdFISKH aPZ8.R124 B a782.420268 aWolff, Ashley aBaby Beluga /cIllustrated by Ashley Wolff aFirst paperback edition, February 1992 aNew York : bCrown Publishers, Inc., c1980. a32 unnumbered pages : bcolor illustrations ; c18 x 23 cm . aRaffi Songs to Read aH  aPresents the illustrated text to the song about the little white whale who swims wild and free. 8 a430 bLexile estimate 8 aH bRaz-Plus  aSongs vFiction aWhalesvFiction